[Event "Open Semana Santa 2023"]
[Site "?"]
[Date "2023.04.09"]
[Round "7.68"]
[White "Pousada Garcia, Daniel"]
[Black "IM Cruz, Jonathan"]
[Result "0-1"]
[WhiteElo "2061"]
[BlackElo "2340"]
[PlyCount "56"]

1. e4 e5 2. Nf3 Nc6 3. Bc4 Nf6 4. d4 exd4 5. e5 d5 6. Bb5 Ne4 7. Nxd4 Bc5 8.
O-O Bd7 9. Bxc6 bxc6 10. f3 Ng5 11. f4 Bg4 12. Qxg4 Bxd4+ 13. Kh1 Ne4 14. Nc3
Nf2+ 15. Rxf2 Bxf2 16. Qxg7 Rf8 17. f5 Qd7 18. Bg5 Qxf5 19. e6 Qxe6 20. Rf1 Kd7
21. g3 Qg6 22. Bh6 Qxg7 23. Bxg7 Rg8 24. Bh6 Rg6 25. Bd2 Bb6 26. Rxf7+ Ke6 27.
Rxh7 Rf8 28. Bf4 Rxf4 0-1

[Event "Open Semana Santa 2023"]
[Site "?"]
[Date "2023.05.09"]
[Round "7.69"]
[White "IM Granero Roca, Antonio"]
[Black "Arroyo Rodriguez, Jesus"]
[Result "1-0"]
[WhiteElo "2334"]
[BlackElo "2048"]
[PlyCount "43"]

1. Nf3 Nf6 2. c4 d6 3. d4 g6 4. Nc3 Bf5 5. d5 Bg7 6. Nd4 Bd7 7. e4 c6 8. Be2 e6
9. dxe6 fxe6 10. Be3 Qc7 11. Qd2 a6 12. O-O b5 13. cxb5 axb5 14. Rac1 Qb7 15.
b4 O-O 16. Nb3 Ne8 17. Na5 Rxa5 18. bxa5 b4 19. Na4 c5 20. a6 Nxa6 21. Bxa6 Qa7
22. Nxc5 1-0

[Event "Open Semana Santa 2023"]
[Site "?"]
[Date "2023.04.09"]
[Round "7.70"]
[White "Houhou, Alexandre"]
[Black "IM Campos Gambuti, Luis Maria"]
[Result "1-0"]
[WhiteElo "2038"]
[BlackElo "2311"]
[PlyCount "113"]
[EventDate "2023.??.??"]

1. e4 e6 2. d4 d5 3. Nd2 dxe4 4. Nxe4 Qd5 5. Bd3 Nf6 6. Nxf6+ gxf6 7. Nf3 Nc6
8. c4 Qa5+ 9. Bd2 Bb4 10. a3 Bxd2+ 11. Qxd2 Qxd2+ 12. Kxd2 Bd7 13. Rhe1 O-O-O
14. Kc3 Ne7 15. g3 Kb8 16. b4 c6 17. a4 b6 18. Nd2 Kc7 19. Ne4 f5 20. Ng5 Rdf8
21. Kb3 h6 22. Nf3 f6 23. a5 b5 24. cxb5 cxb5 25. Rac1+ Kd6 26. Rc5 Bc6 27. Nh4
a6 28. Bf1 Bd5+ 29. Kc3 Rhg8 30. Ng2 Rc8 31. Ne3 Bf3 32. Bg2 Bxg2 33. Nxg2 Nd5+
34. Kb3 e5 35. Rec1 Rxc5 36. dxc5+ Ke6 37. Ne3 Ne7 38. Rd1 Nc8 39. Nd5 f4 40.
Nc7+ Kf5 41. Nxa6 e4 42. Nc7 Kg4 43. Nxb5 Kf3 44. Nc3 fxg3 45. hxg3 Kxf2 46.
Rd4 Ne7 47. Rd6 Ke3 48. Re6 Ng6 49. Nxe4 Kf3 50. a6 Nf4 51. gxf4 Kxf4 52. a7
Ra8 53. Re7 Kf3 54. b5 f5 55. b6 fxe4 56. c6 e3 57. Re6 1-0

[Event "Open Semana Santa 2023"]
[Site "?"]
[Date "2023.04.09"]
[Round "7.71"]
[White "Aymerich Rosell, Pablo"]
[Black "FM Ibanez Aullana, Ramon"]
[Result "1/2-1/2"]
[WhiteElo "2037"]
[BlackElo "2292"]
[PlyCount "129"]

1. d4 Nf6 2. c4 d6 3. Nc3 e5 4. d5 Be7 5. e4 O-O 6. Nge2 Nh5 7. Ng3 Nf4 8. Nh5
Nxh5 9. Qxh5 g6 10. Qd1 Bg5 11. Bxg5 Qxg5 12. h4 Qe7 13. h5 Qg5 14. Qd2 Qxd2+
15. Kxd2 a6 16. Bd3 Nd7 17. hxg6 hxg6 18. g4 Nf6 19. f3 Nh7 20. b4 Ng5 21. Ke3
Bd7 22. Bc2 Kg7 23. Nd1 Rh8 24. Nf2 f6 25. Rxh8 Rxh8 26. Rh1 Rc8 27. Rd1 Nf7
28. Bb3 a5 29. b5 Rh8 30. Rh1 Rxh1 31. Nxh1 Kh6 32. Kf2 Kg5 33. Kg3 f5 34. gxf5
gxf5 35. Nf2 f4+ 36. Kg2 Nh8 37. Nd3 Ng6 38. Kf2 Kh4 39. Bd1 Kh3 40. Be2 Kh2
41. a4 b6 42. Nc1 Nh8 43. Nb3 Nf7 44. Nd2 Ng5 45. Bf1 Bh3 46. Be2 Bg2 47. c5
Nh3+ 48. Ke1 Kg3 49. cxb6 cxb6 50. Nc4 Bxf3 51. Bxf3 Kxf3 52. Nxd6 Ng5 53. Nc4
Kxe4 54. Nxb6 Nf7 55. Nc4 Kxd5 56. Nxa5 Kc5 57. Nc6 e4 58. Ne7 Nd6 59. Ng6 f3
60. Kf2 Nf5 61. Ne5 Nd4 62. Ke3 Kd5 63. Ng4 Nf5+ 64. Kf4 Nd6 65. Nf2 1/2-1/2

[Event "Open Semana Santa 2023"]
[Site "?"]
[Date "2023.04.09"]
[Round "7.72"]
[White "Fuentes Guinot, Alejandro"]
[Black "FM Remolar Gallen, Jose"]
[Result "1/2-1/2"]
[WhiteElo "2027"]
[BlackElo "2283"]
[PlyCount "72"]

1. d4 Nf6 2. Bf4 d6 3. e3 g6 4. Nf3 Bg7 5. Be2 O-O 6. O-O Nc6 7. h3 Nd7 8. Bh2
e5 9. c4 exd4 10. exd4 Qf6 11. Nc3 Nxd4 12. Nxd4 Qxd4 13. Nd5 Qxb2 14. Rb1 Qxa2
15. Nxc7 Rb8 16. Bxd6 Be5 17. Bxf8 Nxf8 18. Nd5 Be6 19. f4 Bg7 20. Kh1 Nd7 21.
Ne7+ Kh8 22. f5 gxf5 23. Nxf5 Be5 24. Nd4 Nc5 25. Rb5 Rd8 26. Rxc5 Rxd4 27. Qa1
Qxa1 28. Rxa1 Re4 29. Bf3 Re3 30. Rxe5 Rxe5 31. Rxa7 b6 32. Rb7 Rc5 33. Rxb6
Rxc4 34. Kh2 Kg7 35. Kg3 Ra4 36. Rb5 Kf6 1/2-1/2

[Event "Open Semana Santa 2023"]
[Site "?"]
[Date "2023.09.15"]
[Round "7.73"]
[White "Sperat Czar, Nicolas"]
[Black "FM Castellanos Gomez, Alejandro"]
[Result "0-1"]
[WhiteElo "2027"]
[BlackElo "2277"]
[PlyCount "92"]

1. e4 e6 2. d4 d5 3. Nc3 Nf6 4. Bg5 dxe4 5. Nxe4 Be7 6. Bxf6 gxf6 7. Nf3 f5 8.
Nc3 Bf6 9. g3 c5 10. dxc5 Qa5 11. Qd3 O-O 12. Bg2 Qxc5 13. O-O Rd8 14. Qb5 Qxb5
15. Nxb5 a6 16. Nc3 Bd7 17. Nd1 Bc6 18. c3 Nd7 19. Ne3 Nc5 20. Nc2 Na4 21. Rab1
Be4 22. Rfc1 Nc5 23. Nfd4 Bd3 24. Bf1 e5 25. Bxd3 Nxd3 26. Rd1 exd4 27. Rxd3
dxc3 28. Rxd8+ Rxd8 29. bxc3 b5 30. Ne3 f4 31. gxf4 Bxc3 32. Rc1 b4 33. Nd1 Bd2
34. Rc4 a5 35. Nb2 Rd5 36. Kg2 Be1 37. Rc1 Bxf2 38. Nc4 Bh4 39. Ne5 Bf6 40. Ng4
Rd2+ 41. Kg3 Bc3 42. a3 Rd3+ 43. Kh4 bxa3 44. Rc2 Bb2 45. Kg5 Kg7 46. f5 h6+
0-1

[Event "Open Semana Santa 2023"]
[Site "?"]
[Date "2023.04.09"]
[Round "7.74"]
[White "CM Ilinca Ilinca, Felix Antonio"]
[Black "Lobo Pereira, Arami"]
[Result "1-0"]
[WhiteElo "2266"]
[BlackElo "1961"]
[PlyCount "85"]

1. Nf3 Nf6 2. g3 g6 3. b3 Bg7 4. Bb2 d5 5. c4 c6 6. Bg2 O-O 7. O-O b6 8. d4 Ne4
9. Nbd2 Nxd2 10. Nxd2 Bb7 11. e4 dxe4 12. Nxe4 Nd7 13. Re1 Qc7 14. Qc2 Nf6 15.
Ng5 h6 16. Nf3 Rad8 17. Rad1 Rfe8 18. Bc1 Nh5 19. Ne5 Bxe5 20. Rxe5 Rxd4 21.
Rxd4 Qxe5 22. Rd1 Ng7 23. Qd2 h5 24. Bb2 Qd6 25. Qc1 Qc7 26. Qh6 e5 27. Re1 Bc8
28. f4 Nf5 29. Qg5 Qd8 30. Qxd8 Rxd8 31. Bxe5 Be6 32. Bxc6 Rd2 33. Bc3 Rxa2 34.
Rd1 Ng7 35. Rd8+ Kh7 36. Bd5 Bh3 37. Bf6 Re2 38. Bxf7 Rg2+ 39. Kf1 Rxh2+ 40.
Kg1 Rg2+ 41. Kh1 Rxg3 42. Rg8 Bf5 43. Rxg7+ 1-0

[Event "Open Semana Santa 2023"]
[Site "?"]
[Date "2023.04.09"]
[Round "7.75"]
[White "Follana Albelda, Lucia"]
[Black "FM Cappelletto, Joshuaede"]
[Result "1/2-1/2"]
[WhiteElo "2018"]
[BlackElo "2266"]
[PlyCount "40"]

1. e4 c5 2. Nf3 d6 3. d4 cxd4 4. Nxd4 Nf6 5. Nc3 a6 6. f3 e5 7. Nb3 Be6 8. Be3
Be7 9. Qd2 h5 10. O-O-O Nbd7 11. Kb1 Rc8 12. h4 O-O 13. Bg5 Re8 14. Be2 b5 15.
g4 hxg4 16. fxg4 b4 17. Nd5 Nxe4 18. Nxe7+ Rxe7 19. Qe3 Nec5 20. Bxe7 Qxe7
1/2-1/2

[Event "Open Semana Santa 2023"]
[Site "?"]
[Date "2023.05.09"]
[Round "7.76"]
[White "Perez Travieso, Saul"]
[Black "FM Moral Garcia, Serafin"]
[Result "0-1"]
[WhiteElo "2007"]
[BlackElo "2258"]
[PlyCount "54"]

1. d4 Nf6 2. c4 g6 3. Nf3 Bg7 4. g3 d5 5. cxd5 Nxd5 6. Bg2 Nb6 7. O-O O-O 8.
Nc3 Nc6 9. e3 Re8 10. d5 Ne5 11. Nxe5 Bxe5 12. Qb3 e6 13. e4 exd5 14. exd5 Bf5
15. Rd1 Qd7 16. Be3 Bh3 17. Bh1 h5 18. Bd4 Bg4 19. Rd2 Bf5 20. Bxe5 Rxe5 21.
Rdd1 Rae8 22. Rac1 Qe7 23. Nb5 Bh3 24. f3 Re3 25. Qc2 Nxd5 26. Nd4 Nb4 27. Qc4
Nd3 0-1

[Event "Open Semana Santa 2023"]
[Site "?"]
[Date "2023.04.09"]
[Round "7.77"]
[White "Martinez Soriano, Javier"]
[Black "FM Garcia Molina, Jose"]
[Result "1-0"]
[WhiteElo "2006"]
[BlackElo "2251"]
[PlyCount "149"]
[EventDate "2023.??.??"]

1. e4 c5 2. Nf3 d6 3. d4 cxd4 4. Nxd4 Nf6 5. Nc3 a6 6. Nb3 e6 7. Bd3 Be7 8. Qe2
Nc6 9. f4 Qc7 10. O-O b5 11. a4 b4 12. Nb1 O-O 13. Be3 e5 14. f5 d5 15. N1d2
dxe4 16. Nxe4 Re8 17. a5 Bb7 18. Bb6 Qc8 19. Rae1 Nb8 20. Nxf6+ Bxf6 21. Nc5
Bd5 22. Be4 Bxe4 23. Nxe4 Qc6 24. Rd1 Nd7 25. Rd6 Qc8 26. Qd2 Qc4 27. Qd3 Qxd3
28. cxd3 Nxb6 29. axb6 a5 30. Rc1 Rab8 31. Rdc6 h5 32. Nd6 Bg5 33. b7 Bxc1 34.
Rxc1 Rxb7 35. Nxb7 a4 36. Nd6 Rd8 37. Ne4 Kf8 38. Rd1 a3 39. bxa3 bxa3 40. Kf2
a2 41. Ke3 Rb8 42. Ra1 Rb2 43. Nd2 Ke7 44. Ke2 Kf6 45. Kd1 Kxf5 46. Kc1 Rb7 47.
Rxa2 Kf4 48. Nf1 g6 49. Ra4+ Kg5 50. Nd2 Kf5 51. Ne4 Rc7+ 52. Kd2 Rc6 53. Ra7
f6 54. Ke3 g5 55. h3 h4 56. Rd7 Ke6 57. Rd8 Rb6 58. Rc8 Kf5 59. Nd2 Ra6 60. Rc5
g4 61. Rc8 gxh3 62. gxh3 Ra1 63. Rh8 Re1+ 64. Kf2 Rd1 65. Ke2 Rh1 66. Rxh4 Rh2+
67. Ke3 Kg6 68. Nf3 Rh1 69. Rg4+ Kf5 70. Rg3 Ke6 71. h4 Kf5 72. Rg2 Rh3 73. Rh2
Rg3 74. h5 Kg4 75. Rh4+ 1-0

[Event "Open Semana Santa 2023"]
[Site "?"]
[Date "2023.04.09"]
[Round "7.78"]
[White "Villar Piriz, Adrian"]
[Black "FM Milat, Marcel"]
[Result "1/2-1/2"]
[WhiteElo "1992"]
[BlackElo "2237"]
[PlyCount "38"]

1. Nc3 c5 2. e4 Nc6 3. g3 g6 4. Bg2 Bg7 5. Nge2 e6 6. O-O Nge7 7. d3 Rb8 8. f4
d6 9. g4 f5 10. Ng3 O-O 11. Be3 b5 12. Rb1 b4 13. Na4 Nd4 14. c3 bxc3 15. bxc3
Rxb1 16. Qxb1 Bd7 17. Nxc5 dxc5 18. cxd4 cxd4 19. Bd2 fxg4 1/2-1/2

[Event "Open Semana Santa 2023"]
[Site "?"]
[Date "2023.04.09"]
[Round "7.79"]
[White "CM Ribera Veganzones, Josep Maria"]
[Black "Molina Souponitskaia, Alexander"]
[Result "0-1"]
[WhiteElo "2221"]
[BlackElo "1959"]
[Annotator "Usuario"]
[PlyCount "88"]

1. e4 c5 2. Nf3 Nc6 3. d4 cxd4 4. Nxd4 g6 5. c4 Bg7 6. Be3 Nf6 7. Nc3 O-O 8.
Be2 b6 9. O-O Bb7 10. f3 e6 11. Nxc6 Bxc6 12. c5 d5 13. cxd6 Ne8 14. Bf4 e5 15.
Be3 Nxd6 16. Qb3 Qe7 17. Rfd1 Rfd8 18. Nd5 Bxd5 19. Rxd5 Ne8 20. a4 Nc7 21.
Rxd8+ Qxd8 22. Bc4 Qe7 23. Rc1 Ne8 24. Bd5 Rd8 25. Rc6 Nf6 26. a5 Nxd5 27. exd5
bxa5 28. d6 Qh4 29. g3 Qb4 30. Qxb4 axb4 31. Bxa7 Bf8 32. Bc5 b3 33. Kf1 f5 34.
Ke2 Kf7 35. Kd3 Ke6 36. Kc4 g5 37. Rb6 Bxd6 $11 38. Rxd6+ Rxd6 39. Bxd6 Kxd6
40. Kxb3 h5 41. h3 e4 42. fxe4 g4 43. hxg4 fxg4 44. Kc4 h4 0-1

[Event "Open Semana Santa 2023"]
[Site "?"]
[Date "2023.04.09"]
[Round "7.80"]
[White "Perea Fruet, Lorenzo"]
[Black "Marin Bellon, Federico"]
[Result "1/2-1/2"]
[WhiteElo "2217"]
[BlackElo "1950"]
[PlyCount "96"]

1. e4 c6 2. Nf3 d5 3. d3 dxe4 4. dxe4 Qxd1+ 5. Kxd1 Bg4 6. Be2 Nd7 7. Ne1 Ngf6
8. Bxg4 Nxg4 9. Ke2 g6 10. f3 Nge5 11. b3 Bg7 12. Bb2 g5 13. h4 h6 14. g3 Rg8
15. hxg5 hxg5 16. Rh7 Bf6 17. Nc3 Nf8 18. Rh1 Ne6 19. Rd1 Ng6 20. Na4 Bxb2 21.
Nxb2 Rd8 22. Rxd8+ Kxd8 23. Ke3 Ne5 24. c3 Nc5 25. Nc2 e6 26. Nd4 Ke7 27. Nd1
Ncd7 28. Nf2 c5 29. Ne2 Nf6 30. Nc1 Rd8 31. Ncd3 Nxd3 32. Nxd3 b6 33. Ne5 Rc8
34. Rd1 Rc7 35. g4 Nd7 36. Nxd7 Rxd7 37. Rxd7+ Kxd7 38. e5 Ke7 39. f4 Kf8 40.
fxg5 Kg7 41. c4 Kg6 42. Kf4 a6 43. a3 a5 44. a4 Kg7 45. Kg3 Kh7 46. Kh3 Kg7 47.
g6 fxg6 48. Kg3 g5 1/2-1/2

[Event "Open Semana Santa 2023"]
[Site "?"]
[Date "2023.04.09"]
[Round "7.81"]
[White "CM Villa Tornero, Alex"]
[Black "Hurtado Rueda, Manuel"]
[Result "1-0"]
[WhiteElo "2216"]
[BlackElo "1951"]
[PlyCount "47"]

1. e4 e6 2. d4 d5 3. Nc3 dxe4 4. Nxe4 Be7 5. Nf3 b6 6. Ne5 c6 7. Qh5 g6 8. Qf3
f6 9. Nc4 f5 10. Nc3 Nf6 11. Bf4 Nd5 12. Nxd5 exd5 13. Ne5 O-O 14. h4 b5 15.
Bd3 a5 16. Qg3 Kh8 17. h5 g5 18. Ng6+ hxg6 19. hxg6+ Kg7 20. Qh3 Kf6 21. Bxg5+
Ke6 22. Qe3+ Kd7 23. Rh7 Re8 24. Qe5 1-0

[Event "Open Semana Santa 2023"]
[Site "?"]
[Date "2023.04.09"]
[Round "7.82"]
[White "Pardo Ruiz, Carlos"]
[Black "CM Molina Carretero, Daniel"]
[Result "0-1"]
[WhiteElo "1972"]
[BlackElo "2209"]
[PlyCount "128"]

1. e4 c5 2. Nf3 d6 3. Bb5+ Bd7 4. Bxd7+ Qxd7 5. c4 Nf6 6. Nc3 Nc6 7. d4 cxd4 8.
Nxd4 g6 9. Nde2 Qe6 10. Nd5 Qxe4 11. f3 Qh4+ 12. g3 Qxc4 13. Nc7+ Kd7 14. Nxa8
Bg7 15. Qb3 Qxb3 16. axb3 Rxa8 17. Kf2 Nd5 18. Rd1 e6 19. Nf4 Ncb4 20. Ra4 a6
21. Nxd5 Nxd5 22. Rc4 b5 23. Rc2 Nb4 24. Re2 Rc8 25. Be3 Nc2 26. Rdd2 Nxe3 27.
Rxe3 Rc5 28. Red3 d5 29. f4 Rc1 30. Re2 Kc6 31. b4 Kb7 32. g4 Rc4 33. Kg3 Rxb4
34. f5 gxf5 35. gxf5 Rxb2 36. Re1 Bf8 37. fxe6 Bd6+ 38. Kg4 fxe6 39. Rxe6 Bxh2
40. Rxd5 a5 41. Rd7+ Bc7 42. Re1 h5+ 43. Kxh5 Kc6 44. Rd3 Rc2 45. Re6+ Kc5 46.
Rd7 Bh2 47. Rb7 b4 48. Rg6 Bd6 49. Rg5+ Kc6 50. Ra7 Bc7 51. Rg6+ Kb5 52. Rb7+
Ka4 53. Rg1 Be5 54. Rg5 Bc3 55. Rgb5 Re2 56. R5b6 Kb3 57. Kg4 Rf2 58. Kg3 Be1
59. Kg4 a4 60. Ra6 a3 61. Re7 Bc3 62. Kg3 Rf6 63. Ra8 a2 64. Re3 Rf1 0-1

[Event "Open Semana Santa 2023"]
[Site "?"]
[Date "2023.04.09"]
[Round "7.83"]
[White "Revaliente Montoya, Ciro"]
[Black "Segura Marsa, Andres"]
[Result "1-0"]
[WhiteElo "2203"]
[BlackElo "1916"]
[PlyCount "87"]

1. e4 c5 2. Nf3 Nc6 3. d4 cxd4 4. Nxd4 g6 5. Nc3 Bg7 6. Be3 Nf6 7. Bc4 O-O 8.
Bb3 d6 9. f3 Qa5 10. Qd2 Nxd4 11. Bxd4 Be6 12. O-O-O b5 13. Kb1 b4 14. Nd5 Bxd5
15. exd5 Qb5 16. c4 bxc3 17. Bxc3 a5 18. h4 a4 19. Bc2 Rfc8 20. Bd3 Qb7 21. Rc1
Rxc3 22. Rxc3 Nxd5 23. Rc2 Nb4 24. Be4 d5 25. Rc4 Rb8 26. a3 Na2 27. Rc2 dxe4
28. Kxa2 Qb3+ 29. Kb1 e3 30. Qe2 h6 31. Rd1 Bf6 32. Rd3 Qb7 33. Rxe3 Qd7 34.
Re4 h5 35. Qd2 Qf5 36. Qf4 Qb5 37. Rb4 Qf1+ 38. Qc1 Qxc1+ 39. Rxc1 Rxb4 40.
axb4 Bxh4 41. b5 Kg7 42. b6 f6 43. b7 Bg3 44. f4 1-0

[Event "Open Semana Santa 2023"]
[Site "?"]
[Date "2023.04.09"]
[Round "7.84"]
[White "Roquero Redondo, Miguel"]
[Black "Mompel Ferruz, Xavier"]
[Result "0-1"]
[WhiteElo "1924"]
[BlackElo "2106"]
[PlyCount "116"]
[EventDate "2023.??.??"]

1. e4 c5 2. Nf3 e6 3. d4 cxd4 4. Nxd4 Nc6 5. Nc3 Qc7 6. g3 a6 7. Bg2 d6 8. O-O
Bd7 9. Nxc6 Bxc6 10. a4 Be7 11. Re1 Nf6 12. a5 O-O 13. Be3 Nd7 14. Na4 Rae8 15.
Nb6 f5 16. Nxd7 Qxd7 17. exf5 Bxg2 18. Kxg2 Rxf5 19. Bb6 Ref8 20. c3 Bd8 21.
Qb3 Bxb6 22. Qxb6 Rb5 23. Qe3 Rxb2 24. Re2 Rxe2 25. Qxe2 Qc6+ 26. Kg1 e5 27.
Qd2 Qc5 28. Rd1 Kh8 29. Qe3 Qxe3 30. fxe3 Rd8 31. Rb1 Rd7 32. Kg2 Kg8 33. Kf3
Kf7 34. Ke4 Ke6 35. Rb4 Rc7 36. Kd3 h5 37. h4 g6 38. c4 Rc5 39. Rxb7 Rxa5 40.
Rg7 Kf5 41. Rf7+ Kg4 42. Rf6 Kxg3 43. Rxd6 Kxh4 44. Rxg6 Kh3 45. Ke4 h4 46. Rg5
Rc5 47. Rxe5 Rxc4+ 48. Kd3 Rg4 49. Ra5 Kg3 50. Rxa6 h3 51. e4 h2 52. Ra1 Kh3
53. Rh1 Rg1 54. Rxh2+ Kxh2 55. e5 Re1 56. Kd4 Kg3 57. Kd5 Kg4 58. e6 Kf5 0-1

[Event "Open Semana Santa 2023"]
[Site "?"]
[Date "2023.04.09"]
[Round "7.85"]
[White "Alvarez Morales, Miguel"]
[Black "Salvador Buiza, Victor"]
[Result "1-0"]
[WhiteElo "1924"]
[BlackElo "2195"]
[Annotator "Usuario"]
[PlyCount "155"]
[EventDate "2023.??.??"]

1. e4 e5 2. Nf3 Nc6 3. Bb5 a6 4. Bxc6 dxc6 5. Nc3 Bg4 6. h3 Bxf3 7. Qxf3 Nf6 8.
d3 Bb4 9. Bd2 Qd6 10. Qe2 O-O-O 11. O-O-O Nd7 12. Nb1 Bc5 13. Be3 g6 14. Nd2
Rhe8 15. Nc4 Qe6 16. Kb1 f5 17. exf5 gxf5 18. g4 f4 19. Bxc5 Nxc5 20. f3 b5 21.
Qf2 Rd4 22. Na5 Qd5 23. Nb3 Nxb3 24. axb3 c5 25. Qe2 b4 26. Kc1 Kd7 27. Rhe1 a5
28. Qf2 Re6 29. Re4 Rd6 30. Rde1 Rxe4 31. Rxe4 Kc6 32. h4 Re6 33. Rc4 Rg6 34.
Qe2 Kd6 35. h5 Rg5 $11 36. Qe4 Qxe4 37. Rxe4 Kd5 38. Kd2 c6 39. Re1 Rg7 40. Ra1
Ra7 41. g5 Rg7 42. Rg1 Ke6 43. g6 hxg6 44. h6 Rg8 45. h7 Rh8 46. Rxg6+ Kf5 47.
Rg7 Kf6 48. Rc7 Kg6 49. Rxc6+ Kxh7 50. Rxc5 Kg6 51. Rxe5 Rh2+ 52. Re2 Rh3 53.
Rf2 Kf5 54. c3 Rh1 55. d4 Ra1 56. Kd3 bxc3 57. bxc3 a4 58. bxa4 Rxa4 59. Rb2
Ra5 60. Kc4 Ra1 61. Rb5+ Kf6 62. Kd3 Re1 63. Re5 Rc1 64. c4 Ra1 65. Ke4 Rc1 66.
c5 Rc4 67. Rd5 Ke6 68. Rd6+ Ke7 69. Kxf4 Rc1 70. Ke4 Re1+ 71. Kd5 Rf1 72. Re6+
Kd8 73. Re3 Rc1 74. Kd6 Rd1 75. d5 Ra1 76. c6 Ra7 77. c7+ Rxc7 78. Re8+ 1-0

[Event "Open Semana Santa 2023"]
[Site "?"]
[Date "2023.04.09"]
[Round "7.86"]
[White "FM Buenafe Moya, Javier"]
[Black "Candela Martin, Alvaro"]
[Result "1-0"]
[WhiteElo "2188"]
[BlackElo "1917"]
[PlyCount "75"]

1. c4 e6 2. d4 d5 3. g3 c6 4. Bg2 dxc4 5. Nf3 b5 6. O-O Bb7 7. a4 a6 8. Ne5 Nf6
9. Nc3 Nd5 10. Ne4 Be7 11. b3 cxb3 12. Qxb3 Qd6 13. Ba3 b4 14. Nc5 a5 15. Rfc1
Qc7 16. e4 Nf6 17. Bb2 O-O 18. Rc2 Bxc5 19. dxc5 Nfd7 20. f4 Re8 21. Rd1 f6 22.
Ng4 Na6 23. Bd4 Kh8 24. h4 Rad8 25. h5 Ndxc5 26. Qf3 Nd7 27. h6 e5 28. hxg7+
Kxg7 29. fxe5 h5 30. exf6+ Kf8 31. Nh6 Ne5 32. Qxh5 c5 33. f7 Re6 34. Rxc5 Qb6
35. Qg5 Nxc5 36. Qg8+ Ke7 37. Nf5+ Kf6 38. Qg7# 1-0

[Event "Open Semana Santa 2023"]
[Site "?"]
[Date "2023.04.09"]
[Round "7.87"]
[White "Kita Ruiz, Ichiro"]
[Black "Jordan Martinez, David"]
[Result "0-1"]
[WhiteElo "1919"]
[BlackElo "2137"]
[Annotator "Usuario"]
[PlyCount "118"]

1. c4 c5 2. Nc3 Nc6 3. Nf3 g6 4. e3 Nf6 5. d4 cxd4 6. exd4 d5 7. cxd5 Nxd5 8.
Qb3 Nxc3 9. Bc4 Nd5 10. Bxd5 e6 11. Bxc6+ bxc6 12. O-O Be7 13. Bh6 Qd5 14. Qc3
f6 15. h4 Kf7 16. Rfe1 a5 17. a3 Rb8 18. Rac1 Bd7 19. Qd2 Rb7 20. Rc2 Rhb8 21.
Bf4 Rc8 22. Rec1 Ra8 23. Ne1 Ra6 24. Nd3 Qxd4 25. h5 Rb3 26. hxg6+ hxg6 27. Rc3
Rxc3 28. Rxc3 Ra8 29. Qe2 Rh8 30. Ne5+ Kg7 31. Bg3 Be8 32. Nxc6 Bxc6 33. Rxc6
e5 34. Rc7 $11 Kf7 35. Qc4+ Qxc4 36. Rxc4 Rb8 37. Rc2 Ke6 38. f3 Kd5 39. Be1
Bc5+ 40. Bf2 Bd4 41. b4 axb4 42. axb4 Rxb4 43. Kf1 f5 44. Ke2 g5 45. Be3 g4 46.
fxg4 fxg4 47. Ra2 Ke4 48. Bxd4 exd4 49. Kf2 d3 50. Ra8 Rb2+ 51. Kg3 d2 52. Re8+
Kd3 53. Rd8+ Kc2 54. Rc8+ Kb1 55. Rd8 Kc1 56. Kxg4 d1=Q+ 57. Rxd1+ Kxd1 58. Kf3
Rb4 59. g4 Kd2 0-1

[Event "Open Semana Santa 2023"]
[Site "?"]
[Date "2023.04.09"]
[Round "7.88"]
[White "Laverton, Christian"]
[Black "Vicens Company, Maria Antonia"]
[Result "0-1"]
[WhiteElo "2137"]
[BlackElo "1888"]
[PlyCount "110"]

1. d4 d5 2. c4 c6 3. Nf3 e6 4. Qc2 Bd6 5. g3 Nf6 6. Bg2 Nbd7 7. O-O O-O 8. b3
Ne4 9. Ba3 Bxa3 10. Nxa3 f5 11. e3 Rf6 12. Nb1 Rh6 13. Nbd2 Nd6 14. b4 Nf6 15.
Ne5 Qe8 16. Rfe1 Qh5 17. Nf1 Ng4 18. Nxg4 fxg4 19. c5 Nf7 20. e4 Ng5 21. Re3
Bd7 22. exd5 exd5 23. Re5 Rf8 24. Rae1 Bf5 25. Qb3 Kh8 26. Qe3 Rhf6 27. Nd2 Kg8
28. b5 Qg6 29. bxc6 bxc6 30. Qa3 Be4 31. Nxe4 dxe4 32. Bxe4 Nh3+ 33. Kh1 Nxf2+
34. Kg2 Nxe4 35. Qb3+ Kh8 36. Qb1 Nc3 37. Qxg6 Rxg6 38. h3 gxh3+ 39. Kxh3 h6
40. R1e3 Nd5 41. Ra3 Rf7 42. Ra6 Nb4 43. Ra4 Nd3 44. Re3 Nf2+ 45. Kg2 Ng4 46.
Rf3 Re7 47. Rf4 Ne3+ 48. Kf3 Nd5 49. Rf8+ Kh7 50. Ra3 Rge6 51. Ra6 Re1 52. Ra8
Rf7+ 53. Kg2 Ne3+ 54. Kh2 Rf2+ 55. Kh3 Rh1# 0-1

[Event "Open Semana Santa 2023"]
[Site "?"]
[Date "2023.04.09"]
[Round "7.89"]
[White "WFM Rodriguez Redondo, Adhara"]
[Black "Herraiz Gomez, Iker"]
[Result "1-0"]
[WhiteElo "2126"]
[BlackElo "1668"]
[PlyCount "95"]

1. e4 e6 2. d4 d5 3. exd5 exd5 4. Nf3 Nf6 5. Bd3 Bd6 6. Qe2+ Qe7 7. Qxe7+ Kxe7
8. O-O Re8 9. Bg5 Be6 10. Re1 Nbd7 11. Ne5 h6 12. Bd2 Kf8 13. f4 Ng4 14. h3
Ngxe5 15. dxe5 Bc5+ 16. Kh2 f5 17. Nc3 a6 18. g4 g6 19. Ne2 Ke7 20. Ng3 Rf8 21.
Re2 Rf7 22. Rg2 Ba7 23. gxf5 gxf5 24. Nh5 Rh8 25. Re1 c5 26. c3 c4 27. Bc2 a5
28. Ree2 b5 29. Be1 Kd8 30. Rg3 Bc5 31. Reg2 b4 32. Rg8+ Rxg8 33. Rxg8+ Nf8 34.
Rg7 bxc3 35. bxc3 Ke8 36. Bh4 Rxg7 37. Nxg7+ Kf7 38. Nxf5 Bxf5 39. Bxf5 Ne6 40.
Kg3 Be3 41. Kf3 Bd2 42. Bg3 Bxc3 43. Bg4 Nd4+ 44. Ke3 Ne6 45. f5 Nc5 46. Bh5+
Kg7 47. e6 Bf6 48. Be5 1-0

[Event "Open Semana Santa 2023"]
[Site "?"]
[Date "2023.04.09"]
[Round "7.90"]
[White "Deusa Ballesteros, Luis Miguel"]
[Black "O`cuilleanain, Oisin"]
[Result "0-1"]
[WhiteElo "1873"]
[BlackElo "2122"]
[PlyCount "68"]

1. d4 Nf6 2. c4 g6 3. Nc3 Bg7 4. e4 d6 5. Nf3 O-O 6. Be2 e5 7. d5 h6 8. O-O
Nbd7 9. Qc2 a5 10. Ne1 Nc5 11. Be3 Nfd7 12. Nd3 f5 13. Nxc5 Nxc5 14. exf5 gxf5
15. f4 e4 16. Nb5 Bd7 17. Nd4 Qf6 18. Rad1 Kh8 19. Kh1 Rg8 20. Rg1 Qf7 21. Nb3
Ba4 22. Bxc5 dxc5 23. Qd2 Bxb3 24. axb3 Bd4 25. g3 Bxg1 26. Rxg1 Qf6 27. Rd1 b6
28. Bh5 Rad8 29. Qe2 Rd6 30. Qg2 Rgd8 31. Qc2 c6 32. dxc6 Rxd1+ 33. Bxd1 Qxc6
34. Bh5 Qd6 0-1

[Event "Open Semana Santa 2023"]
[Site "?"]
[Date "2023.04.09"]
[Round "7.91"]
[White "Torres Rebolledo, Alvaro"]
[Black "Bocos Delgado, Jon"]
[Result "1-0"]
[WhiteElo "2105"]
[BlackElo "1654"]
[PlyCount "179"]
[EventDate "2023.??.??"]

1. e4 c5 2. c3 Nf6 3. e5 Nd5 4. d4 cxd4 5. Nf3 d6 6. cxd4 Nc6 7. Bc4 dxe5 8.
dxe5 Ndb4 9. Qb3 e6 10. O-O Na5 11. Bb5+ Bd7 12. Qa4 Bxb5 13. Qxb5+ Nac6 14.
Qa4 a6 15. Rd1 b5 16. Rxd8+ Rxd8 17. Qb3 Rd3 18. Bd2 Rxb3 19. axb3 Be7 20. Nc3
O-O 21. Ne4 Rd8 22. Rc1 h6 23. h3 Nd4 24. Rc7 Nd5 25. Ra7 Nxb3 26. Rxa6 Nxd2
27. Nexd2 Rc8 28. Nd4 Bg5 29. N2f3 Bc1 30. Nxb5 Bxb2 31. Ra7 Rc1+ 32. Kh2 Rc6
33. Ra2 Bc1 34. Ra8+ Kh7 35. Nd6 Rc7 36. Rf8 Ba3 37. Rd8 Bb2 38. Kg3 Bc1 39.
Kh2 Bb2 40. Rf8 Ba3 41. Ra8 Bb2 42. Rb8 Bc1 43. h4 Kg6 44. Rh8 f6 45. g4 Bf4+
46. Kg2 fxe5 47. h5+ Kf6 48. Ne8+ Kf7 49. Nxc7 Nxc7 50. Nh4 Bg5 51. Ng6 Be7 52.
Nxe5+ Kf6 53. f4 Nd5 54. Kf3 Bd6 55. Ng6 Kf7 56. Rd8 Ba3 57. Rd7+ Ne7 58. Nxe7
Bxe7 59. Ke4 Ke8 60. Rb7 Bf6 61. f5 e5 62. Kd5 Kf8 63. Ke6 Kg8 64. Rb4 Kh7 65.
Re4 Kg8 66. Rc4 Kh7 67. Kf7 Bg5 68. Rc8 e4 69. Re8 e3 70. Ke6 Bh4 71. Kd5 Bf2
72. Kc4 Bg1 73. Kd3 Bf2 74. Ke2 Bg1 75. Kf1 Bf2 76. Kg2 Be1 77. Rxe3 Bd2 78.
Re8 Bc3 79. Kf3 Ba1 80. Ke4 Bf6 81. Kd5 Ba1 82. Ke6 Bb2 83. Rf8 Bc3 84. f6 gxf6
85. Rxf6 Bd2 86. Rf7+ Kg8 87. Rb7 Bg5 88. Kf5 Be3 89. Kg6 Bf4 90. Ra7 1-0

[Event "Open Semana Santa 2023"]
[Site "?"]
[Date "2023.04.09"]
[Round "7.92"]
[White "Srivatsan Karthikeyan"]
[Black "Cuenca Jimenez, Francisco Javier"]
[Result "1-0"]
[WhiteElo "1777"]
[BlackElo "2094"]
[PlyCount "79"]

1. e4 c5 2. Nf3 Nc6 3. d4 cxd4 4. Nxd4 e5 5. Nb5 d6 6. c4 g6 7. N1c3 a6 8. Na3
Be6 9. Be3 Nf6 10. f3 Bg7 11. Be2 O-O 12. O-O Nd4 13. Nd5 Nxe2+ 14. Qxe2 Bxd5
15. cxd5 Nh5 16. Rac1 f5 17. Nc4 Rc8 18. exf5 gxf5 19. f4 exf4 20. Bb6 Qg5 21.
Qe6+ Kh8 22. Nxd6 Rxc1 23. Rxc1 f3 24. Rc2 Qh4 25. Bf2 Bd4 26. Nf7+ Kg7 27.
Qh6+ Kg8 28. Ng5 Bxf2+ 29. Rxf2 Rf6 30. Qxh7+ Kf8 31. Ne6+ Ke8 32. Qg8+ Ke7 33.
Qd8+ Kf7 34. Qf8+ Kg6 35. Qg8+ Kh6 36. Qh8+ Kg6 37. gxf3 f4 38. Rg2+ Kf5 39.
Qh7+ Ke5 40. Rg5+ 1-0